000 00556nam a2200157Ia 4500
008 151213s9999 xx 000 0 und d
100 _aরবীন্দ্রনাথ ঠাকুর
245 _aউপন্যাস সমগ্র
_cরবীন্দ্রনাথ ঠাকুর
250 _a১ম সং
260 _aঢাকা
_bতোফাজ্জল হোসেন
_c1999
300 _a8345 p.
650 _aBangla
650 _aউপন্যাস
700 _aরবীন্দ্রনাথ ঠাকুর
999 _c4185
_d4185